[Event "Ivi GP Chess 2024"]
[Site "Moscow RUS"]
[Date "2024.10.07"]
[Round "5.3"]
[White "Ponkratov, P."]
[Black "Afanasiev, Nikita"]
[Result "1-0"]
[WhiteElo "2564"]
[BlackElo "2533"]
[PlyCount "87"]
[EventDate "2024.10.05"]

1. Nf3 b6 2. e4 Bb7 3. Nc3 e6 4. d4 Bb4 5. Bd3 Nf6 6. Qe2 d5 7. e5 Ne4 8. O-O Nxc3 9. bxc3 Bxc3 10. Rb1 Nc6 11. Be3 Bb4 ({RR} 11... Nb4 12. Bb5+ c6 13. a3 cxb5 14. axb4 Qd7 15. Rb3 Rc8 16. Bd2 Bxd2 17. Qxd2 Rc4 18. Ra1 a6 19. Ne1 Qe7 20. Rab1 O-O 21. Rg3 f5 22. exf6 Qxf6 23. c3 e5 24. Nd3 e4 25. Ne5 Rc7 26. Ra1 {Radjabov,T (2792)-Ivanchuk,V (2771) Eilat 2012 ½-½ (65)}) 12. c3 ({RR} 12. Bb5 Be7 13. c4 a6 14. cxd5 axb5 15. dxc6 Bxc6 16. Rfc1 Qd5 17. Rc2 O-O 18. Rbc1 Bb7 19. Rxc7 Rxa2 20. Qd3 Ba3 21. Rb1 h6 22. h3 b4 23. Bd2 Rc8 24. Rxc8+ Bxc8 25. Bxb4 Bxb4 26. Rxb4 Ba6 {Elier,A (2160)-Holinka,H (2284) chess.com INT 2024 1-0 (31)}) 12... Be7 13. Nd2 $146 ({RR} 13. Qc2 Na5 14. Nd2 Qd7 15. f4 g6 16. Rfc1 Rc8 17. Qd1 c5 18. Qe2 c4 19. Bc2 Kd8 20. Nf3 Kc7 21. Ng5 Rcf8 22. Rf1 h6 23. Nh3 Bc6 24. Qd1 Qe8 25. Nf2 h5 26. Nh3 f6 27. exf6 Bxf6 {Fievet,P (2240)-Germes,A (2060) Chambery 1994 1-0 (62)}) 13... Qd7 14. f4 g6 15. Nb3 Nd8 16. g4 Rg8 17. Rf3 a5 18. Rg3 f5 19. exf6 Bxf6 20. f5 gxf5 21. gxf5 Rxg3+ 22. hxg3 Qg7 23. Bf4 Bc8 24. Re1 Nf7 25. fxe6 Ng5 26. Bf5 Ba6 27. Qh5+ Ke7 28. Kg2 Rc8 29. Bc1 c5 30. Ba3 a4 31. dxc5 Bxc3 32. c6+ Kf6 33. e7 Kxf5 34. g4+ Kf6 35. e8=N+ Rxe8 36. Rxe8 axb3 37. Qh2 Qf7 38. Rf8 Qxf8 39. Qf4+ Kg6 40. Bxf8 Bd3 41. Qd6+ Bf6 42. Be7 Ne4 43. Qe6 bxa2 44. Qg8+ 1-0

[Event "ch-POL Rapid 2024"]
[Site "Lublin POL"]
[Date "2024.10.05"]
[Round "9.4"]
[White "Teclaf, Pawel"]
[Black "Piorun, K."]
[Result "1-0"]
[WhiteElo "2552"]
[BlackElo "2581"]
[PlyCount "65"]
[EventDate "2024.10.05"]
[EventType "rapid"]

1. Nf3 d5 2. e3 c5 3. b3 Nc6 4. Bb2 f6 5. d4 cxd4 6. Nxd4 ({RR} 6. exd4 Bg4 7. Be2 Qd7 8. O-O e6 9. Re1 O-O-O 10. Nbd2 Bd6 11. a3 Nge7 12. c4 Bf4 13. c5 h5 14. b4 a6 15. Qa4 Qc7 16. b5 axb5 17. Bxb5 g5 18. Bc3 Bf5 19. Nf1 h4 20. Qa8+ Kd7 {Grischuk,A (2766)-Caruana,F (2822) Saint Louis 2018 0-1 (31)}) ({RR} 6. exd4 e6 7. Bd3 Bd6 8. O-O Nge7 9. a3 O-O 10. c4 Bd7 11. Re1 Rc8 12. Nc3 Bb8 13. Rc1 Bf4 14. Rc2 Na5 15. cxd5 exd5 16. h3 Nac6 17. b4 a6 18. Rce2 Be8 19. Qb3 b5 20. Qc2 g6 {Perez Rosales,P (1942)-Cruz Pino,A (2099) Vecindario ESP 2025 0-1 (54)}) 6... e5 7. Nxc6 bxc6 8. g3 $146 ({RR} 8. c4 Be6 9. cxd5 cxd5 10. Bb5+ Kf7 11. O-O Rc8 12. Be2 Bd6 13. Nc3 Ne7 14. Rc1 Qb6 15. Bh5+ g6 16. Bf3 Qb7 17. Bg4 f5 18. Be2 Rhd8 19. Qe1 Nc6 20. Na4 Bb4 21. Bc3 Bd6 22. Bb2 Nb4 {Cordova,E (2531)-Sevian,S (2696) Saint Louis USA 2024 1-0 (50)}) 8... h5 9. Bg2 h4 10. c4 e4 11. Nc3 Bb4 12. cxd5 cxd5 13. Qd4 Bxc3+ 14. Bxc3 Ne7 15. O-O hxg3 16. fxg3 Bg4 17. Rac1 Qd7 18. Qd2 Rc8 19. Bb4 Nc6 20. Ba3 Be6 21. Rc2 Kf7 22. Bb2 Ne7 23. Rfc1 Rxc2 24. Rxc2 Bh3 25. Bxh3 Rxh3 26. Ba3 Nc6 27. Qc1 d4 28. Rxc6 Kg6 29. Rd6 Qg4 30. Rxd4 Qe2 31. Qd2 Qa6 32. Ra4 Qe6 33. Qd4 1-0

[Event "Titled Tue 8th Oct Early"]
[Site "chess.com INT"]
[Date "2024.10.08"]
[Round "6"]
[White "Oparin, G."]
[Black "Onischuk, V."]
[Result "1-0"]
[WhiteElo "2662"]
[BlackElo "2609"]
[PlyCount "81"]
[EventDate "2024.10.08"]

1. Nf3 g6 2. e4 Bg7 3. d4 d6 4. Bd3 Nf6 5. O-O O-O 6. Re1 Nc6 7. c3 e5 8. h3 a5 9. Na3 ({RR} 9. a4 h6 10. Na3 exd4 11. cxd4 Nb4 12. Bb1 c6 13. Bf4 Be6 14. Qd2 Kh7 15. Nc2 Nxc2 16. Bxc2 Nh5 17. Bh2 Rc8 18. e5 Bd5 19. Qe3 c5 20. exd6 cxd4 21. Nxd4 Qh4 22. Nf5 gxf5 23. Bxf5+ Kg8 {Mamedov,E (2453)-Lozano,N (2239) San Vicente ESP 2025 1-0 (42)}) ({RR} 9. Bg5 h6 10. Bh4 g5 11. Bg3 Nh5 12. Bh2 Nf4 13. Bf1 f5 14. exf5 Bxf5 15. dxe5 Nxe5 16. Bxf4 gxf4 17. Nbd2 Kh8 18. Nxe5 Bxe5 19. Nf3 Bg7 20. Qd2 a4 21. Bd3 Qf6 22. Bxf5 Qxf5 23. Re7 Rf7 {Oparin,G (2662)-Boyer,M (2489) chess.com INT 2024 1-0 (39)}) 9... Re8 10. Bg5 ({RR} 10. Nc2 a4 11. Bg5 h6 12. Bh4 g5 13. Bg3 Nh5 14. d5 Ne7 15. Ne3 Nf4 16. Bb5 Bd7 17. Bxd7 Qxd7 18. Nh2 f5 19. exf5 Nxf5 20. Qg4 Rf8 21. Rad1 a3 22. b3 Rad8 23. Nxf5 Rxf5 24. Bxf4 Rxf4 {Kovalenko,I (2654)-Anton Guijarro,D (2681) Chess.com INT 2020 ½-½ (90)}) 10... h6 11. Bh4 exd4 $146 ({RR} 11... g5 12. Bg3 exd4 13. Nxd4 Ne5 14. Nc4 Nxd3 15. Qxd3 Nh5 16. Bh2 g4 17. e5 d5 18. Ne3 gxh3 19. Nef5 Qg5 20. Qxh3 c5 21. e6 Bxe6 22. Nxe6 fxe6 23. Nd6 Rf8 24. Qxe6+ Kh7 25. Rad1 d4 26. Ne4 {Maltsevskaya,A (2360)-Kobo,O (2542) Chess.com INT 2022 0-1 (68)}) 12. cxd4 g5 13. Bg3 g4 14. hxg4 Bxg4 15. Nc2 Nh5 16. d5 Nb4 17. Bh2 Bxb2 18. Rb1 Bc3 19. Re3 Bg7 20. a3 Na2 21. Rxb7 Nc3 22. Qd2 Rb8 23. Rxb8 Qxb8 24. Ncd4 Bxf3 25. Nxf3 Na4 26. e5 dxe5 27. Bxe5 Bxe5 28. Nxe5 Qb2 29. Qe1 Nc5 30. Bc4 Nf4 31. d6 cxd6 32. Bxf7+ Kf8 33. Bxe8 dxe5 34. Bc6 Ncd3 35. Qf1 Qd4 36. Be4 Nc5 37. Bc2 e4 38. Qd1 Ncd3 39. Bxd3 exd3 40. g3 Nd5 41. Rxd3 1-0

[Event "Titled Tue 8th Oct Early"]
[Site "chess.com INT"]
[Date "2024.10.08"]
[Round "8"]
[White "Pranesh, M."]
[Black "Akobian, V."]
[Result "1-0"]
[WhiteElo "2580"]
[BlackElo "2564"]
[PlyCount "47"]
[EventDate "2024.10.08"]

1. Nf3 Nf6 2. b3 d5 3. Bb2 c6 4. g3 Bg4 5. Bg2 Nbd7 6. O-O e6 7. d3 Bd6 8. Nbd2 O-O 9. h3 Bh5 10. e4 Qc7 11. Qe1 e5 12. Nh4 Rfe8 13. Kh1 ({RR} 13. Nf5 Bc5 14. Kh1 a5 15. a3 Rad8 16. f4 dxe4 17. Nxe4 Nxe4 18. dxe4 Bg6 19. Nh4 exf4 20. gxf4 Nf8 21. Qe2 Qe7 22. Qg4 f6 23. f5 Bf7 24. e5 h5 25. Qe2 fxe5 26. f6 gxf6 27. Be4 Qd7 {Vitiugov,N (2703)-Frolyanov,D (2564) Tiumen 2012 1-0}) 13... dxe4 ({RR} 13... a5 14. a4 Bb4 15. f3 Rad8 16. Rf2 Bc5 17. Re2 dxe4 18. Nxe4 Nxe4 19. Rxe4 f6 20. Nf5 Bg6 21. g4 Nf8 22. Qg3 Ne6 23. Rae1 Qb6 24. Qh2 Bb4 25. Rb1 Qf2 26. Rc4 Bf7 27. Rf1 Qb6 28. Re4 {Dong,B (2294)-Schulze,L (2288) London 2022 1-0 (47)}) 14. dxe4 b5 $146 ({RR} 14... a5 15. a3 Bg6 16. Qe2 Bh5 17. Bf3 Bxf3+ 18. Nhxf3 Nf8 19. Nc4 Ng6 20. Nxd6 Qxd6 21. Rfd1 Qc5 22. Ne1 h5 23. h4 Ng4 24. Nd3 Qe7 25. f3 Nh6 26. Bc1 Red8 27. Be3 a4 28. b4 b5 29. Kg2 {Vukic,M (2504)-Doric,D (2448) Rijeka 2006 1-0 (53)}) 15. a4 a6 16. Ndf3 Nc5 17. Nh2 Bf8 18. Nf5 Rad8 19. axb5 axb5 20. f4 exf4 21. Bxf6 gxf6 22. gxf4 Bg6 23. Ng4 Re6 24. Qc3 1-0

[Event "Titled Tue 8th Oct Early"]
[Site "chess.com INT"]
[Date "2024.10.08"]
[Round "9"]
[White "Salem, AR."]
[Black "Korobov, A."]
[Result "1-0"]
[WhiteElo "2622"]
[BlackElo "2660"]
[PlyCount "103"]
[EventDate "2024.10.08"]

1. Nf3 d5 2. g3 Bg4 3. Bg2 c6 4. O-O Nd7 5. d3 e6 6. c4 Be7 $146 ({RR} 6... Bxf3 7. Bxf3 dxc4 8. dxc4 Ne5 9. Qb3 Nxf3+ 10. Qxf3 Qd4 11. Qb3 Qb6 12. Qxb6 axb6 13. Be3 Bc5 14. Bxc5 bxc5 15. Nc3 Nf6 16. Rfd1 Ke7 {½-½ (16) Kholmov,R (2480)-Shcherbakov,R (2360) Cheliabinsk 1989}) ({RR} 6... Bc5 7. cxd5 cxd5 8. Nc3 Ne7 9. Qa4 Bxf3 10. Bxf3 Nc6 11. Bd2 O-O 12. Bg2 a6 13. Rfc1 Qe7 14. Rab1 Rfc8 15. Qd1 Nde5 16. Be1 Ba7 17. b4 h5 18. b5 axb5 19. Nxb5 h4 20. d4 Nd7 21. e3 {Oparin,G (2644)-Kovalenko,I (2651) Saint Louis 2019 ½-½ (45)}) ({RR} 6... Bxf3 7. Bxf3 dxc4 8. dxc4 Ne5 9. Qb3 Nxf3+ 10. exf3 Qc8 11. Nc3 Nf6 12. Bg5 Be7 13. Rad1 O-O 14. Ne4 Qc7 15. Nxf6+ gxf6 16. Bf4 e5 17. Bh6 Rfe8 18. f4 Bf8 19. Bxf8 Kxf8 20. fxe5 Rxe5 21. Rd4 {Aleksandrov,A (2395)-Efimov,L (2223) Moscow RUS 2025 ½-½ (47)}) 7. Nc3 Bf6 8. cxd5 exd5 9. e4 Ne7 10. h3 dxe4 11. Nxe4 Bxf3 12. Nd6+ Kf8 13. Bxf3 Ne5 14. Ne4 Nxf3+ 15. Qxf3 Nd5 16. Re1 h5 17. Bd2 Qd7 18. Kg2 Rd8 19. Re2 Be7 20. Rae1 Kg8 21. d4 Nf6 22. Ng5 Bf8 23. Kg1 Qd5 24. Qf4 Qxd4 25. Qxd4 Rxd4 26. Bc3 Rd8 27. h4 Nd5 28. Re8 Rxe8 29. Rxe8 f6 30. Ne4 Kf7 31. Nd6+ Bxd6 32. Rxh8 Bf8 33. Rxh5 g6 34. Rxd5 cxd5 35. Bd4 a6 36. g4 Ke6 37. Kg2 Bd6 38. Kf3 Be7 39. h5 gxh5 40. gxh5 Kf5 41. Be3 Bf8 42. b3 b5 43. Ke2 Bg7 44. Kd3 Ke5 45. Bd4+ Kf5 46. Be3 Ke5 47. h6 Bh8 48. Bd2 d4 49. Bc1 Kd5 50. Bf4 f5 51. Bc7 Ke6 52. f4 1-0

[Event "Titled Tue 8th Oct Early"]
[Site "chess.com INT"]
[Date "2024.10.08"]
[Round "11"]
[White "Pranesh, M."]
[Black "Bortnyk, Olexandr"]
[Result "1-0"]
[WhiteElo "2580"]
[BlackElo "2603"]
[PlyCount "73"]
[EventDate "2024.10.08"]

1. Nf3 Nf6 2. b3 d5 3. Bb2 Bf5 4. g3 e6 5. Bg2 h6 6. O-O Be7 7. d3 O-O 8. Nbd2 Bh7 9. Qe1 ({RR} 9. Re1 a5 10. a3 Nbd7 11. e4 c6 12. Qe2 Qb6 13. e5 Ne8 14. h4 a4 15. b4 c5 16. Bc3 Nc7 17. bxc5 Bxc5 18. d4 Be7 19. Reb1 Qc6 20. Bb4 Bxb4 21. Rxb4 b5 22. Rc1 Rfb8 23. Qe3 Na6 {Radjabov,T (2765)-Ding,L (2791) chess24.com INT 2020 ½-½ (58)}) 9... a5 10. e4 ({RR} 10. a4 c5 11. e4 Nc6 12. Qe2 Nb4 13. Ne1 d4 14. Nc4 Nd7 15. Nf3 Qc7 16. Bc1 Rae8 17. Bf4 Qd8 18. Nd6 e5 19. Nxe8 exf4 20. Nxg7 Kxg7 21. gxf4 Kh8 22. Kh1 Bd6 23. e5 Bc7 24. Rg1 Nd5 {Blanco Diez,D (2274)-Jakubowski,K (2442) chess.com INT 2025 0-1 (51)}) ({RR} 10. a3 c5 11. e4 a4 12. Ne5 axb3 13. Nxb3 c4 14. Nd4 cxd3 15. cxd3 Nfd7 16. Nxf7 Rxf7 17. Nxe6 Qb6 18. exd5 Qxb2 19. Nc7 Rxa3 20. Rxa3 Bxa3 21. d6 Bxd6 22. Bd5 Qe5 23. f4 Bc5+ 24. Kg2 Qxc7 {Pranesh,M (2580)-Navara,D (2683) chess.com INT 2024 0-1 (41)}) 10... a4 11. Rd1 $146 ({RR} 11. exd5 exd5 12. Nd4 a3 13. Bc1 c5 14. Nb5 Nc6 15. Nxa3 c4 16. Naxc4 dxc4 17. Nxc4 Re8 18. Bb2 Ba3 19. Qc1 Bxb2 20. Qxb2 Qc7 21. Rae1 Bf5 22. a4 Rad8 23. b4 Be6 24. b5 Nd4 25. Ne3 h5 {Aravindh,C (2607)-Grigoriants,S (2553) chess.com INT 2022 ½-½ (59)}) 11... c6 12. Kh1 Na6 13. Qe2 Nb4 14. a3 Nxc2 15. b4 c5 16. bxc5 Bxc5 17. Nb1 Nxa3 18. Nxa3 Qe7 19. Nb5 a3 20. Bxf6 Qxf6 21. d4 Bb4 22. Ne5 Rfd8 23. exd5 exd5 24. Rc1 Ra5 25. Nc7 Bf5 26. Qa2 Be4 27. f3 Bh7 28. Qb3 Bd6 29. Nxd5 Qe6 30. f4 a2 31. Ra1 Bb1 32. Qb6 Rda8 33. Nc3 R5a6 34. Qxb7 R6a7 35. Qd5 Qxd5 36. Bxd5 Rd8 37. Nxf7 1-0

[Event "Titled Tue 8th Oct Late"]
[Site "chess.com INT"]
[Date "2024.10.08"]
[Round "8"]
[White "Murzin, Volodar"]
[Black "Kobalia, M."]
[Result "1-0"]
[WhiteElo "2648"]
[BlackElo "2543"]
[PlyCount "71"]
[EventDate "2024.10.08"]

1. Nf3 d5 2. b3 Bg4 3. e3 Nd7 4. h3 Bh5 5. Bb2 e6 6. a3 $146 ({RR} 6. d3 a5 7. a4 h6 8. Nbd2 Ngf6 9. Be2 Bb4 10. O-O O-O 11. Ne5 Bxe2 12. Qxe2 Nxe5 13. Bxe5 Bd6 14. Bb2 e5 15. e4 Re8 16. exd5 Nxd5 17. Qf3 c6 18. Nc4 Bc7 19. Rfe1 Qg5 20. Re4 f5 {Moussard,J (2630)-Bluebaum,M (2637) Chess.com INT 2022 ½-½ (75)}) ({RR} 6. g4 Bg6 7. d3 a5 8. a3 h5 9. g5 h4 10. Nbd2 Ne7 11. Bg2 c6 12. e4 Bh5 13. Qe2 Ng6 14. Qe3 Qc7 15. Bf1 Bc5 16. d4 Be7 17. c4 O-O 18. Rg1 Rad8 19. Bd3 Nf4 20. Bf1 dxe4 {Hong,A (2550)-Llorente Zaro,A (2440) chess.com INT 2024 1-0 (48)}) 6... Ngf6 7. d3 Bg6 8. Nbd2 Bd6 9. g4 O-O 10. Bg2 e5 11. Nh4 c6 12. Qe2 Re8 13. Nxg6 hxg6 14. h4 Qe7 15. g5 Nh7 16. Bh3 a5 17. Qg4 Nc5 18. Bg2 e4 19. dxe4 Nxe4 20. Bxe4 dxe4 21. Nc4 Bc7 22. O-O-O Rad8 23. a4 Nf8 24. h5 Rxd1+ 25. Rxd1 b5 26. axb5 cxb5 27. Na3 a4 28. Kb1 axb3 29. cxb3 Be5 30. Qxe4 Qxg5 31. hxg6 Nxg6 32. f4 Qg4 33. Rh1 Re6 34. Qa8+ Nf8 35. fxe5 Qe2 36. Nc2 1-0

[Event "TechM GCL 2024"]
[Site "London ENG"]
[Date "2024.10.04"]
[Round "2.2"]
[White "Mamedyarov, S."]
[Black "Yu Yangyi"]
[Result "1-0"]
[WhiteElo "2733"]
[BlackElo "2717"]
[PlyCount "93"]
[EventDate "2024.10.03"]
[EventType "team"]
[WhiteTeam "PBG Alaskan Knights"]
[BlackTeam "American Gambits"]

1. Nf3 d5 2. g3 c6 3. c4 Nf6 4. Bg2 e6 5. b3 Be7 6. Bb2 O-O 7. O-O b6 8. d4 Nbd7 9. Nc3 Ba6 10. Nd2 b5 11. c5 b4 12. Na4 Bb5 13. a3 a5 14. Re1 Qc7 15. e4 $146 ({RR} 15. Qc2 Rab8 16. axb4 axb4 17. e4 dxe4 18. Nxe4 Nd5 19. Nd2 Ra8 20. Nc4 Rfb8 21. Bc1 Bxa4 22. bxa4 b3 23. Qd3 Bf6 24. Bb2 e5 25. dxe5 Nxc5 26. Qe2 Be7 27. e6 Nxe6 28. Be5 Qa7 29. Bxb8 Rxb8 {Dizdarevic,E (2438)-Iveljic,I (2237) Lukavac 2018 1-0 (34)}) 15... dxe4 16. Nxe4 Nxe4 17. Bxe4 Bxa4 18. bxa4 Nf6 19. Bf3 bxa3 20. Rxa3 Rfd8 21. Qe2 Nd5 22. Rb3 Bf6 23. Rd1 Rab8 24. Qc2 Rxb3 25. Qxb3 Rb8 26. Qc2 Qb7 27. Bxd5 exd5 28. Bc3 Qb3 29. Qxb3 Rxb3 30. Bxa5 Ra3 31. Rb1 h5 32. Rb4 Kh7 33. Bc7 Kg6 34. Rb6 Rxa4 35. Rxc6 Rxd4 36. Bb6 Kf5 37. Kg2 Rc4 38. Rd6 d4 39. f4 h4 40. c6 hxg3 41. hxg3 Kg4 42. c7 Rc2+ 43. Kf1 Kf3 44. Ke1 Ke3 45. Kd1 Kd3 46. Bxd4 Rxc7 47. Bb6+ 1-0

[Event "TechM GCL 2024"]
[Site "London ENG"]
[Date "2024.10.06"]
[Round "5.1"]
[White "Nakamura, Hi"]
[Black "Anand, V."]
[Result "1-0"]
[WhiteElo "2802"]
[BlackElo "2751"]
[PlyCount "116"]
[EventDate "2024.10.03"]
[EventType "team"]
[WhiteTeam "American Gambits"]
[BlackTeam "Ganges Grandmasters"]

1. Nf3 d5 2. b3 c5 3. e3 a6 4. Bb2 Nc6 5. d4 Nf6 6. dxc5 e6 7. g3 $146 ({RR} 7. a3 Bxc5 8. b4 Be7 9. c4 O-O 10. cxd5 Qxd5 11. Qxd5 Nxd5 12. Nbd2 b5 13. Bd3 Rd8 14. Be4 Bb7 15. O-O Nf6 16. Bc2 Rac8 17. Rfc1 a5 18. bxa5 Nxa5 19. Nd4 Nc4 20. Nxc4 bxc4 21. a4 Nd5 {Ghasi,A (2491)-Sroczynski,M (2256) chess.com INT 2024 1-0 (111)}) ({RR} 7. a3 Bxc5 8. b4 Ba7 9. Nbd2 O-O 10. c4 dxc4 11. Nxc4 b5 12. Nd6 Bd7 13. Bd3 Qe7 14. O-O Nd5 15. Ne4 Rfd8 16. Rc1 Be8 17. Qe2 h6 18. Rfd1 Rac8 19. h3 Bb6 20. Ng3 Nf6 21. Bb1 Rxd1+ {Carlsen,M (2852)-Vidit,S (2730) chess.com INT 2023 0-1 (58)}) ({RR} 7. a3 Bxc5 8. c4 O-O 9. Nbd2 Qe7 10. b4 Ba7 11. Bd3 Rd8 12. Qb1 h6 13. O-O e5 14. cxd5 Rxd5 15. Ne4 Bg4 16. Bc4 Rd7 17. Ng3 Rad8 18. Nh4 Rd1 19. Qg6 Kf8 20. Raxd1 Bxd1 21. Ngf5 fxg6 {Kourkoulos Arditis,S (2580)-Diao,M (2192) chess.com INT 2025 1-0}) ({RR} 7. c4 Bxc5 8. cxd5 exd5 9. Be2 O-O 10. O-O Ba7 11. Na3 Re8 12. Nc2 Ne4 13. Ncd4 Qd6 14. Rc1 Bb8 15. a3 Bg4 16. g3 Bh3 17. Re1 Ba7 18. b4 h5 19. b5 axb5 20. Nxb5 Nxf2 21. Nxd6 Nxd1 {Nakamura,H (2789)-Durarbayli,V (2627) chess.com INT 2024 1-0 (39)}) 7... Bxc5 8. Bg2 O-O 9. O-O Qe7 10. Ne5 Nxe5 11. Bxe5 Rd8 12. Nd2 b5 13. c4 Bb7 14. Qe2 Bb4 15. cxb5 axb5 16. Rfc1 Ba3 17. Rc7 Rd7 18. Rc2 Ba6 19. Rd1 b4 20. Qe1 Bd3 21. Rc6 Rdd8 22. Nf3 Be4 23. Qe2 Rdc8 24. Bxf6 gxf6 25. Nd4 Bg6 26. e4 dxe4 27. Bxe4 Rd8 28. Bxg6 hxg6 29. Rc2 Qd6 30. Rdd2 Rac8 31. Nc6 Rxc6 32. Rxd6 Rcxd6 33. h4 Rd5 34. Kg2 Kg7 35. Rc4 Rd2 36. Qg4 R8d5 37. Qf4 Rxa2 38. g4 Rad2 39. Rc8 R2d4 40. Qb8 Rxg4+ 41. Kh3 f5 42. f3 Rgd4 43. h5 gxh5 44. Qg3+ Kf6 45. Rg8 Rd3 46. Qg7+ Ke7 47. Rf8 Rxf3+ 48. Kg2 Rxb3 49. Rxf7+ Kd6 50. Rd7+ Kc6 51. Rc7+ Kd6 52. Qe7+ Ke5 53. Rc2 Rd4 54. Qg7+ Kd5 55. Qd7+ Ke5 56. Qc7+ Kf6 57. Re2 Rg4+ 58. Kf2 Bb2 1-0

[Event "Julius Baer Gen Cup D1 W"]
[Site "chess.com INT"]
[Date "2024.10.01"]
[Round "4.4"]
[White "Carlsen, M."]
[Black "Firouzja, Alireza"]
[Result "1-0"]
[WhiteElo "2832"]
[BlackElo "2767"]
[PlyCount "141"]
[EventDate "2024.09.27"]
[EventType "k.o."]

1. Nf3 Nf6 2. g3 g6 3. b3 Bg7 4. Bb2 d6 5. Bg2 e5 6. d3 O-O 7. c4 a5 8. Nc3 h6 $146 ({RR} 8... e4 9. Nxe4 Nxe4 10. Bxg7 Nxf2 11. Kxf2 Kxg7 12. Rf1 Qe7 13. Qd2 Bg4 14. Rae1 Nc6 15. Qc3+ f6 16. Nd2 Qe5 17. Nb1 Rae8 18. Bxc6 Qe3+ 19. Kg2 bxc6 20. Rf2 Re5 21. d4 Qxc3 22. Nxc3 Re3 23. Nd1 {Storm,R-Lingemann,D Germany 1981 ½-½ (31)}) ({RR} 8... Na6 9. O-O Re8 10. Nd2 c6 11. a3 h5 12. b4 Bd7 13. Nce4 Nxe4 14. Nxe4 Qe7 15. bxa5 h4 16. gxh4 Nc7 17. Bc3 d5 18. Ng5 Ne6 19. cxd5 cxd5 20. Bb4 Qf6 21. Bxd5 Nxg5 22. hxg5 Qxg5+ 23. Kh1 {Nihal,S (2650)-Rapport,R (2763) Chess.com INT 2021 1-0}) ({RR} 8... Re8 9. O-O Nc6 10. Qd2 Bf5 11. Ng5 Qd7 12. Rad1 h6 13. Nge4 Nxe4 14. dxe4 Bh3 15. Bxh3 Qxh3 16. Nd5 Rac8 17. f3 h5 18. e3 h4 19. g4 Nd8 20. Qg2 Qxg2+ 21. Kxg2 Ne6 22. Kh3 g5 23. Kg2 {Brancaleoni,M (2180)-Lin,B (2143) chess.com INT 2024 0-1 (72)}) 9. O-O c6 10. e4 Re8 11. Re1 Na6 12. h3 Bd7 13. d4 exd4 14. Nxd4 Nc5 15. Qc2 Qc8 16. Kh2 Ng4+ 17. hxg4 Bxd4 18. Rad1 Bg7 19. f3 Qc7 20. Qd2 Be6 21. Ne2 Red8 22. Bxg7 Kxg7 23. Qc3+ f6 24. Rd2 Qe7 25. Red1 Bf7 26. Nd4 Rd7 27. f4 Kg8 28. Re2 a4 29. b4 Na6 30. b5 cxb5 31. Nxb5 Rc8 32. Red2 Rxc4 33. Qe3 d5 34. e5 Nc7 35. Nxc7 Rcxc7 36. Bxd5 Bxd5 37. Rxd5 Rxd5 38. Rxd5 Qe6 39. Qd3 Qxg4 40. e6 Rg7 41. f5 gxf5 42. Rd8+ Kh7 43. Rd7 Qh5+ 44. Kg2 Qg6 45. Rxg7+ Qxg7 46. Qd7 f4 47. g4 f5 48. e7 Qxg4+ 49. Kf2 Qg3+ 50. Ke2 f3+ 51. Ke3 f2+ 52. Ke2 Qe5+ 53. Kxf2 Qf4+ 54. Ke2 Qe4+ 55. Kd2 Qf4+ 56. Kc3 Qe3+ 57. Kb4 Qb6+ 58. Kc4 Qa6+ 59. Kc5 Qa5+ 60. Kd6 Qb6+ 61. Ke5 Qe3+ 62. Kf6 Qg5+ 63. Ke6 Qg6+ 64. Kd5 Qg2+ 65. Kc5 Qf2+ 66. Kb5 Qb2+ 67. Ka5 Qc3+ 68. Kb6 Qb4+ 69. Kc7 Qa5+ 70. Kb8 Qe5+ 71. Qc7 1-0

[Event "Titled Tue 1st Oct Early"]
[Site "chess.com INT"]
[Date "2024.10.01"]
[Round "4"]
[White "Shimanov, A."]
[Black "Rustemov, A."]
[Result "1-0"]
[WhiteElo "2582"]
[BlackElo "2525"]
[PlyCount "127"]
[EventDate "2024.10.01"]

1. Nf3 d5 2. g3 c6 3. Bg2 Bf5 4. d3 e6 5. O-O Nf6 6. Nh4 Bg4 7. h3 Bh5 8. Qe1 Be7 9. f4 Nfd7 10. Nf3 c5 $146 ({RR} 10... Bxf3 11. Bxf3 O-O 12. e4 dxe4 13. dxe4 e5 14. Nd2 Na6 15. Bg2 Qb6+ 16. Kh1 Rad8 17. Nc4 Qb5 18. b3 exf4 19. gxf4 Qh5 20. Bb2 Nac5 21. e5 f5 22. Kh2 Ne6 23. Rd1 Ndc5 24. Nd6 Bh4 25. Qe3 {Ju,W (2563)-Kaliakhmet,E (2137) Almaty KAZ 2024 1-0 (59)}) ({RR} 10... f5 11. e4 Bxf3 12. Bxf3 O-O 13. Nc3 fxe4 14. dxe4 d4 15. Nd1 e5 16. Nf2 c5 17. Qe2 Nc6 18. Bg4 Kh8 19. Be6 exf4 20. gxf4 g5 21. Ng4 gxf4 22. Bxf4 Qe8 23. e5 Bh4 24. Bc4 Qg6 25. Kh1 {Kramnik,V (2808)-Adhiban,B (2671) Baku 2016 1-0 (46)}) ({RR} 10... O-O 11. Nbd2 f5 12. e4 dxe4 13. dxe4 Nc5 14. Kh2 Nba6 15. a3 Nc7 16. b4 Na4 17. Nb3 fxe4 18. Ne5 Bf6 19. Qxe4 Nd5 20. Bd2 Qc7 21. Rae1 Rae8 22. c4 Ndb6 23. Na5 Nd7 24. Qc2 Nab6 25. Ng4 {Khotenashvili,B (2420)-Gaponenko,I (2346) Monaco MNC 2025 1-0 (58)}) ({RR} 10... O-O 11. Nc3 Na6 12. Kh2 Nb4 13. Qd1 f5 14. a3 Na6 15. Qe1 Qc7 16. Nd4 Qd6 17. Qf2 Nc7 18. e4 fxe4 19. dxe4 e5 20. Nf5 Rxf5 21. exf5 e4 22. Be3 Bf6 23. g4 Bf7 24. Bd4 c5 25. Bxf6 {Panesar,V (2385)-Rustemov,A (2525) chess.com INT 2023 1-0 (50)}) 11. e4 dxe4 12. dxe4 f6 13. e5 f5 14. Ng5 Bxg5 15. Bxb7 Nb6 16. fxg5 N8d7 17. Nc3 Rb8 18. Bg2 O-O 19. Bf4 a6 20. Kh2 Qc7 21. b3 Rfd8 22. Qe3 Nf8 23. a4 Ng6 24. a5 Nd7 25. Rfe1 c4 26. Ne2 Bxe2 27. Rxe2 Nc5 28. bxc4 Rdc8 29. Rd2 Ne4 30. Rd4 Rb2 31. Qd3 Qc5 32. Rd8+ Rxd8 33. Qxd8+ Nf8 34. Qd3 Qf2 35. Rf1 Qxc2 36. Qxc2 Rxc2 37. Rc1 Rxc1 38. Bxc1 Nd7 39. Bf4 Ndc5 40. g4 g6 41. gxf5 exf5 42. Bxe4 fxe4 43. Be3 Nb3 44. Bb6 Kf7 45. Kg3 Ke6 46. Kf4 Nd2 47. c5 Nc4 48. c6 e3 49. c7 Kd7 50. e6+ Kc8 51. e7 Nd6 52. Kxe3 Nf5+ 53. Ke4 Nxe7 54. Ke5 Kd7 55. Bc5 Nc6+ 56. Kf6 Nxa5 57. Kg7 Nb3 58. Ba3 Nd2 59. Kxh7 Nf3 60. Kxg6 Kxc7 61. Kf6 Kd7 62. g6 Nd2 63. g7 Ne4+ 64. Kg6 1-0

[Event "Titled Tue 1st Oct Late"]
[Site "chess.com INT"]
[Date "2024.10.01"]
[Round "6"]
[White "Svane, R."]
[Black "Cardoso Cardoso, Jose Gabriel"]
[Result "1-0"]
[WhiteElo "2629"]
[BlackElo "2508"]
[PlyCount "59"]
[EventDate "2024.10.01"]

1. Nf3 Nf6 2. g3 d5 3. Bg2 c5 4. O-O e6 5. c4 d4 6. e3 Nc6 7. d3 e5 8. exd4 exd4 9. Re1+ Be7 10. Bf4 ({RR} 10. Nbd2 O-O 11. a3 Bg4 12. h3 Bh5 13. Ne4 Nxe4 14. Rxe4 Bg6 15. Re1 Re8 16. Bf4 Bf6 17. Qd2 Qd7 18. b4 Qf5 19. b5 Ne7 20. g4 Qxd3 21. g5 Qxc4 22. gxf6 gxf6 23. a4 Nd5 24. Bh6 Nc3 {Ernst,L (2133)-Playa,M (2376) chess.com INT 2024 1-0 (36)}) 10... O-O 11. Ne5 Nxe5 12. Bxe5 Ng4 $146 ({RR} 12... Bd6 13. Bxf6 Qxf6 14. Nd2 Bf5 15. Be4 Bxe4 16. Nxe4 Qg6 17. Qf3 Be7 18. Re2 Qc6 19. Qh5 Rad8 20. Rae1 b6 21. b3 Qg6 22. Qxg6 hxg6 23. h4 Rd7 24. Kg2 Rb8 25. f4 Rbb7 26. Ng5 Bf8 27. g4 {Meier,G (2645)-Cornejo,M (2375) Princeton 2012 1-0 (62)}) 13. Bf4 Bd6 14. Qf3 Qb6 15. Bxd6 Qxd6 16. Nd2 Qh6 17. Nf1 Rb8 18. Re4 Nf6 19. Re7 Bg4 20. Qf4 Qxf4 21. gxf4 b6 22. Ng3 Rfe8 23. Rxa7 Be2 24. Bf1 Bf3 25. Bg2 Be2 26. Bf1 Bf3 27. a3 g6 28. b4 h5 29. h4 Ng4 30. Rb1 1-0